00261 a2200121 4500001000700000020000600007040001100013100003200024240003400056245002900090362000900119440001100128167180 a  cMagnum aGarcia, Regina Leite (Org.)10aRevisitando a pre-escolalpor10aRevisitando a pre-escola0 a1899 1aCortez